000 00399nam a2200157Ia 4500
005 20250320021729.0
008 240331s9999 xx 000 0 und d
020 _a
082 _bMAU
_a894
100 _aMaunaguru, S
245 0 _aKalai illakkiya kadduraikal
260 _aChennai
_bKumaran Publishers
_c1997
300 _a127 p .,
500 _aA Book of essays on art & Literature
942 _cL
999 _c4050
_d4050